000 00695nam a22002537i 4500
001 IT\ICCU\RAV\2147283
003 ItRI
005 20260206222705.0
008 220406s2022 it |||||| ||||| |||||c
020 _a9788834610039
040 _bita
_cNP
041 7 _aita
_2ISO-639-2
082 _a853.92
_223
100 1 _aDi Grado, Viola
_0IT\ICCU\TO0V\645745
_4aut
240 1 0 _aFame blu
_9Di Grado, Viola
245 1 0 _aFame blu /
_cViola Di Grado.
260 _aMilano :
_bLa nave di Teseo,
_c2022
300 _a188 p. ;
_c22 cm
500 _aIn copertina: Romanzo
830 0 _aOceani ;
_v166
_0IT\ICCU\RMB\0794951
942 _2ddc
_cBK
_n0
981 1 _6z01
_ai
_bxxxe
982 1 _6z01
_an
999 _c23882
_d23882